00988cam a22002411 4500001000400000003000800004005001700012008003900029020001500068035001700083040003200100041000800132082001600140100004300156245012800199260006100327300002000388504002500408650005200433650005000485710002500535856018600560653BD-RjUL20211208233219.0710709r19701968enk 000 0 eng a085365011X a(BD-RjUL)673 aDLCcDLCdDLCdBD-RjULbeng aeng00a025.32bGOS1 aGorman, Michaeld1941-qMichael Gorman12aA study of the rules for entry and heading in the 'Anglo-American cataloguing rules, 1967 (British text) /cMichael Gorman. aLondon :bLibrary Association ,cc1968 [reprinted 1970]. a67 p. ;c21 cm. aBibliography: p. 40. 0aAnglo-American cataloging rules (British text)  0aDescriptive catalogingzGreat BritainxRules.2 aLibrary Association.4 3WorldCat details.uhttp://www.worldcat.org/title/study-of-the-rules-for-entry-and-heading-in-the-anglo-american-cataloguing-rules-1967-british-text/oclc/468656&referer=brief_results